000 00484nam a2200217Ia 4500
003 IT-RoPAU
008 120407s9999 xx 000 0 und d
040 _aIT-RoPAU
040 _cIT-RoPAU
041 _aita
100 _aJean Racine
245 _aTeatro completo. Introd. e note di Renata Carloni Valentini
250 _aMilano
260 _aBietti
300 _a875 p.
300 _c19 cm
490 _aI Classici Bietti
490 _v1
942 _cBK
999 _c37082
_d37082